000 00309nam a2200133Ia 4500
005 20260328104342.0
008 260328s9999||||xx |||||||||||||| ||und||
100 _aPenela, Alfonso
245 0 _aEnor /
_cAlfonso Penela
260 _bGrupo San Jose
300 _a111 p.
650 _aARQUITECTOS
942 _cBK
999 _c12172
_d12172